000 00432nam a2200145 i 4500
001 69468
003 ES-MaACL
005 20230906170528.0
007 t|
008 040706s1905 sp ||||1| spa d
100 1 _aGarcía Cifre, José.
_954370
245 1 3 _aLa regla de cálculo en el concepto de sus aplicaciones numéricas /
_cJosé García Cifre.
260 _aMadrid :
_bA. Pérez y Cª,
_c1905.
852 _aES-MaACL
_jT-1246-F-4
999 _c69468
_d69468